| 000 | 00734nam a2200265 i 4500 | ||
|---|---|---|---|
| 003 | DO-SdBNP | ||
| 005 | 20231113081620.0 | ||
| 006 | a||||gr|||| 00| 0 | ||
| 007 | ta | ||
| 008 | 231027e1971 sp a|||| |||| 00| e spa d | ||
| 040 |
_aDO-SdBNP _bspa _cBNPHU _erda |
||
| 082 | 4 |
_222 _bB772d |
|
| 100 | 1 |
_aBourget, Luis J. _923312 _eautor |
|
| 245 |
_aDiploma : _bsexto curso |
||
| 264 |
_aMadrid : _bSantillana, _c1971 |
||
| 300 |
_a498 páginas : _bIlustraciones ; _c26 cm. |
||
| 336 |
_2rdacontent _atexto _btxt |
||
| 337 |
_2rdamedia _asin mediación _bn |
||
| 338 |
_2rdacarrier _avolumen _bnc |
||
| 490 | _aEl arbol alegre | ||
| 500 | _aUnidades didácticas | ||
| 590 | _aInventariado 2023 / DG | ||
| 910 | _aDG | ||
| 942 |
_2ddc _cLBS1 |
||
| 999 |
_c55459 _d55459 |
||